| Tag |
First Indicator |
Second Indicator |
Subfields |
| LEADER |
00000cam a22000001 4500 |
| 001 |
in00000036491 |
| 005 |
20151007060903.0 |
| 008 |
711013s1966 cau 00000 eng |
| 010 |
|
|
|a 66012571
|
| 035 |
|
|
|a (OCoLC)00711836
|
| 035 |
|
|
|9 AAD0482AM
|
| 040 |
|
|
|a DLC
|c DLC
|d TXA
|d UtOrBLW
|
| 049 |
|
|
|a TXAM
|c [469362]
|
| 050 |
0 |
0 |
|a PN1992.7
|b .T7
|
| 082 |
0 |
|
|a 808.066
|
| 092 |
|
|
|a 808.066
|b T773t
|
| 100 |
1 |
|
|a Trapnell, Coles.
|
| 245 |
1 |
0 |
|a Teleplay ;
|b an introduction to television writing.
|
| 264 |
|
1 |
|a San Francisco :
|b Chandler Pub. Co.,
|c [1966]
|
| 300 |
|
|
|a x, 245 pages ;
|c 24 cm.
|
| 336 |
|
|
|a text
|b txt
|2 rdacontent
|
| 337 |
|
|
|a unmediated
|b n
|2 rdamedia
|
| 338 |
|
|
|a volume
|b nc
|2 rdacarrier
|
| 500 |
|
|
|a Appendix (pages [163]-240): A complete teleplay script, Question: What is truth? By James E. Moser. Pilot teleplay for the television series, Slattery's people.
|
| 650 |
|
0 |
|a Television authorship.
|
| 700 |
1 |
2 |
|a Moser, James E.
|t Question: What is truth? 1966.
|
| 740 |
0 |
|
|a Question: What is truth?
|
| 999 |
|
|
|a MARS
|
| 999 |
f |
f |
|s 59b83fa3-9dd8-324d-b31b-10263c8824a3
|i 02efc23b-abd7-33aa-83f6-2406defed3fc
|t 0
|
| 952 |
f |
f |
|p ric
|a Texas A&M University
|b Rellis Campus
|c Joint Library Facility
|d Remote Storage
|t 0
|e PN1992.7 .T7
|h Library of Congress classification
|i unmediated -- volume
|m A14801195910
|
| 998 |
f |
f |
|a PN1992.7 .T7
|t 0
|l Remote Storage
|